Managing and communicating value uncertainty (Record no. 122356)

MARC details
000 -LEADER
fixed length control field 01181nam a22001697a 4500
005 - DATE AND TIME OF LATEST TRANSACTION
control field 20260528103459.0
008 - FIXED-LENGTH DATA ELEMENTS--GENERAL INFORMATION
fixed length control field 260528t2026 xxk|||||o|||| 00| 0 eng d
110 2# - MAIN ENTRY--CORPORATE NAME
9 (RLIN) 5828
Corporate name or jurisdiction name as entry element International Valuation Standards Council
245 ## - TITLE STATEMENT
Title Managing and communicating value uncertainty
260 ## - PUBLICATION, DISTRIBUTION, ETC.
Place of publication, distribution, etc. London,
Name of publisher, distributor, etc. International Valuation Standards Council
Date of publication, distribution, etc. May 2026
300 ## - PHYSICAL DESCRIPTION
Extent 17p.
520 ## - SUMMARY, ETC.
Summary, etc. The IVSC Valuation Risk Working Group’s latest Perspectives Paper examines one of the most important — and most misunderstood — concepts in valuation practice: the difference between valuation risk and value uncertainty.<br/><br/>Valuation risk arises from errors, omissions, or inadequate processes within the valuation itself. It can and should be mitigated. Value uncertainty, by contrast, is an inherent feature of valuing complex assets and liabilities in real markets. Even a fully IVS-compliant valuation, conducted with rigour and care, may yield a range of credible outcomes.
650 ## - SUBJECT ADDED ENTRY--TOPICAL TERM
Topical term or geographic name entry element VALUATION
650 ## - SUBJECT ADDED ENTRY--TOPICAL TERM
Topical term or geographic name entry element MATERIAL UNCERTAINTY
856 ## - ELECTRONIC LOCATION AND ACCESS
Uniform Resource Identifier <a href="https://ivsc.org/pdfviewer/perspectives-paper-managing-and-communicating-value-uncertainty/">https://ivsc.org/pdfviewer/perspectives-paper-managing-and-communicating-value-uncertainty/</a>
Public note IVSC Perspectives paper
942 ## - ADDED ENTRY ELEMENTS (KOHA)
Source of classification or shelving scheme Dewey Decimal Classification
Holdings
Withdrawn status Lost status Damaged status Not for loan Home library Current library Shelving location Date acquired Total Checkouts Date last seen Price effective from Koha item type
        Virtual Virtual Online 28/05/2026   28/05/2026 28/05/2026 Online material